Beiratkozási dömping a felsőoktatásban
Elmentve itt :
| Dokumentumtípus: | Cikk |
|---|---|
| Megjelent: |
1999-09-17
|
| Sorozat: | Délmagyarország
89 No. 217 |
| Kulcsszavak: | Beíratkozás |
| Online Access: | http://dmarchiv.bibl.u-szeged.hu/80505 |
| LEADER | 00411nab a2200145 i 4500 | ||
|---|---|---|---|
| 001 | delm80505 | ||
| 005 | 20191022132544.0 | ||
| 008 | 191022s1999 hu o 0|| hun d | ||
| 040 | |a SZTE Délmagyarország Archívum |b hun | ||
| 041 | |a hun | ||
| 245 | 0 | 0 | |a Beiratkozási dömping a felsőoktatásban |h [elektronikus dokumentum] |
| 260 | |c 1999-09-17 | ||
| 300 | |a 1 | ||
| 490 | 0 | |a Délmagyarország |v 89 No. 217 | |
| 695 | |a Beíratkozás | ||